000 00633nam a2200217Ia 4500
003 GCL
008 140319s9999 xx 000 0 ara d
020 _a977020319x
040 _aGCL /
_cGCL
082 0 4 _a813.03
_bت ر
100 1 _aتوفيق الحكيم
245 1 0 _aرحلة الربيع والخريف /
_cتوفيق الحكيم
260 _aالقاهرة :
_bدار المعارف ،
_c1983
300 _a152 ص ؛
_c18 سم
490 _a
650 0 4 _aالشعر العربى
650 0 4 _aالادب العربى
650 0 4 _aالمسرحيات
650 0 4 _aالمسرحيات - مصر
942 _2ddc
_cBK
999 _c28068
_d28068